000 00696nam a2200289Ia 4500
005 20260324122100.0
008 008 260324s9999 xx 000 0 eng d
020 _a9780203767092
037 _aEBOOK
040 _aCRL
040 _beng
040 _cCRL
041 _2eng
041 _aeng
084 _qCRL
100 _aSylvie Rivot
_91165041
245 0 _aKeynes and Friedman on Laissez-Faire and Planning
245 0 _b‘Where to draw the line?’
260 _bTaylor and Francis
260 _c2013
365 _a
365 _b240
856 _uhttp://www.taylorfrancis.com/books/9780203767092
942 _cEBOOK
999 _c1757529
_d1757529